000 00545nam a2200229Ia 4500
008 170712s9999 xx 000 0 und d
020 _a9780794606305
050 _a915.99
050 _bE962 2001
245 _aExciting Philippines :
245 _ba visual journey /
260 _aPhilippines :
260 _bPeriplus,
260 _c2001
300 _a64 pages :
300 _billustrations ;
300 _c30cm.
650 _aPhilippines --
650 _aPhilippines.
650 _aTravel.
650 _xDescription and travel.
999 _c340418
_d340418